Senec

Zobrazenie: Na striebornom podklade v bielom orámovaní pohľady na budovy , nákupne centrum, pešiu zónu a sochu v parku. V strede erb mesta

Bibliographic Details
Other Authors: Šmátrala, Milan (fotograf) (Photographer), Šmátralová, Vlasta (fotografka) (Photographer)
Format: Photo
Language:Slovak
PhysicalDescription:1 pohľadnica (4 čiastkové pohľady) farebná 11 x 15 cm
Published: Bratislava Pravda 1988
Subjects:

MARC

LEADER 00000ckm a2200000 a 4500
001 vtls001202785
003 SK-MaSNL
005 20260331202902.0
007 kf co
008 230718s1988 xo g 0kuslo
015 |a SNBG1988 
035 |a SNK000145855 
035 |a urn:nbn:sk:snk-km3lwi4 
035 |a E50A69E4-40F2-4A64-A414-251BAC098F00 
035 |a urn:nbn:sk:snk-km00dr6i 
040 |a SNK  |b slo  |c SNK  |e AACR2 
041 0 |a slo 
043 |a e-xo--- 
044 |a xo  |c SK 
072 7 |a 913  |x Regionálna geografia  |2 konspekt 
080 |a 913(437.6)  |2 2011 
080 |a (084.121)  |2 2011 
080 |a 725.1:339.372.2  |2 2011 
080 |a 711.51  |2 2011 
080 |a 27-526.64  |2 2011 
080 |a 640.43  |2 2011 
100 1 |a Šmátrala, Milan  |c (fotograf)  |4 pht  |9 164919 
245 1 0 |a Senec  |h grafika  |c foto Milan Šmátrala, Vlasta Šmátralová 
246 1 |i Názov na obrazovej časti:  |a Senec 
260 |a Bratislava  |b Pravda  |c 1988 
300 |a 1 pohľadnica (4 čiastkové pohľady)  |b farebná  |c 11 x 15 cm 
520 8 |a Zobrazenie: Na striebornom podklade v bielom orámovaní pohľady na budovy , nákupne centrum, pešiu zónu a sochu v parku. V strede erb mesta 
650 0 7 |a obchodné domy  |2 SNKPH  |9 3005 
650 0 7 |a pešie zóny  |2 SNKPH  |9 31836 
650 0 7 |a sochy  |2 SNKPH  |9 29846 
650 0 7 |a reštaurácie  |2 SNKPH  |9 23080 
651 7 |a Slnečné jazerá (Slovensko)  |2 SNKPHgeo  |9 93691 
651 7 |a Senec (Slovensko)  |2 SNKPHgeo  |9 175132 
655 7 |a miestne pohľadnice  |2 SNKPH  |9 70510 
700 1 |a Šmátralová, Vlasta  |c (fotografka)  |4 pht  |9 283285 
852 |a Slovenská národná knižnica 
954 |a pohľadnice pôvodné (slovenské)  |2 lita 
958 |a GBN 
958 |a TL 
958 |a GC 
958 |a OND 
999 |c 1053697  |d 1055627 
952 |a SNK  |b SNK  |y PREZ  |7 0  |p 17A1298158  |o snkSP 140242  |i snk3373/88  |0 0  |1 0  |4 0  |d 2018-11-06  |f 1  |l 0  |r 2026-02-24 15:04:20  |w 2026-02-24 
952 |a SNK  |b SNK  |y PREZ  |7 0  |p 17A1298159  |o snkSP 140242 D1  |i snk3374/88  |0 0  |1 0  |4 0  |d 2018-11-06  |l 0  |r 2026-02-24 15:04:20  |w 2026-02-24